Breakfast Cereals - Statistics

General Stats
  • This quiz has been taken 733 times
  • The average score is 9 of 15
Answer Stats
Hint Answer % Correct
It's Magically Delicious! Lucky Charms
91%
Their grrrreat! Frosted Flakes
84%
Multi-color cereal represented by a toucan Fruit Loops
80%
Sorry rabbit! Its for kids! Trix
79%
Snap. Krackle. Pop. Rice Krispies
75%
He's coo-coo for this chocolate cereal Cocoa Puffs
71%
Cereal with raisins Raisin Bran
70%
Literally just tiny cookies for breakfast Cookie Crisp
64%
Fruity-flakey cereal Fruity Pebbles
62%
Crave those crazy squares Cinnamon Toast Crunch
59%
Chocolate-flakey cereal Cocoa Pebbles
42%
Cereal made after candy brand Reeses Puffs
36%
It's got corn for crunch, oats for punch, and it stays crunchy, even in milk Captain Crunch
20%
Crispy chocolate cereal. Cocoa Krispies
14%
Sweetened puff wheat cereal made by Kellogs Honey Smacks
8%
No matching quizzes found
Score Distribution
Percent of People with Each Score
Percentile by Number Answered
Your Score History
You have not taken this quiz